00621cam0a220021700 4500001001200000008004100012035001900053035001800072100003000090245005400120260001000174949003800184004000600222591002300228591003700251591001700288591004200305591002800347909000900375999001900384zam00002303951128s1973 xx eng u a(Sirsi) r19682 a(MACHINE)SLC.1 aPritchard, J. M.6A5809.110aAfrica:ba study geography for advanced students. c1973. aDT12.2wlccmMAINtBOOKlON-SHELF19682 aClass code: G 340. aCourse: The geography of Africa. aSchool: S09. aLecturer: Mr. KAJOBA, G.M/BANDA, G.A. aNumber of Students: 44. aBook c169414d169414